00420nam a2200169Ia 4500003000400000005001700004008004100021020001800062040000700080041000800087082002000095100002600115245003500141260004500176300001500221365001400236OSt20230516094612.0210423s2012 xx 000 0 und d a9789350300602 cAL aeng a613.28 SHAA223 aSHARMA (Ashok kumar). aHuman nutrition and dietetics. aNew DelhibOxford University Pressc2012 avi,232bHB b1795cINR